00479nam a2200157Ia 45000010006000000050017000060080041000230410008000640820016000721000031000882450149001192600009002683000028002776500008003056540008003131598220260306170236.0260306t2013||||xx |||||||||||||| ||und|| aESP a346.52bB45 aBernal Pulido, CarloseAUT 0aLa filosofía de la responsabilidad civil:bestudios sobre los fundamentos filosófico-jurídico de la responsabilidad civil extracontractual c2013 a670 páginas :c24 cm. aGEN aCDE